| 000 | 00638cam a22002291 4500 | ||
|---|---|---|---|
| 001 | sa 68019808 | ||
| 003 | DLC | ||
| 005 | 20260227112720.0 | ||
| 008 | 730130s1968 xx 000 0 ind | ||
| 010 | _asa 68019808 | ||
| 035 | _a(OCoLC)547732 | ||
| 040 |
_aDLC _cOAU _dDLC |
||
| 042 | _apremarc | ||
| 050 | 0 | 0 |
_aHE887 _b.A5268 |
| 110 | 1 |
_aIndonesia. _bDepartemen Maritim. |
|
| 245 | 0 | 0 | _aProgram umum dan rentjana pembangunan lima tahun (1969-1973). |
| 260 |
_a[Djakarta, _c1968] |
||
| 300 |
_aiv, 96 l. _bfold. maps. _c33 cm. |
||
| 500 | _aCover title. | ||
| 650 | 0 |
_aMerchant marine _zIndonesia. |
|
| 650 | 0 |
_aShipping _zIndonesia. |
|
| 999 |
_c89086 _d89086 |
||